La gran historia del fútbol profesional Colombiano (Registro nro. 67130)

Detalles MARC
000 -ENCABEZADO
Número de control [NR] 01137nam a2200265Ia 4500
005 - FECHA Y HORA DE LA ÚLTIMA TRANSACCIÓN
control field 20180731144528.0
008 - DE LONGITUD FIJA DE DATOS DE ELEMENTOS - INFORMACIÓN GENERAL
Elementos de longitud fija [NR] 130821s2008 ck ao gr spa
020 ## - NUMERO INTERNACIONAL NORMALIZADO PARA LIBROS [R]
Número Internacional Normalizado del libro [NR] 9789589871300
040 ## - FUENTE DE CATALOGACION [NR]
Agencia de catalogación original [NR] Co-BoUCM
Idioma de catalogación [NR] spa
Quien Cataloga Saul Niño (Modificó)
Quien Clasifica Luz Cupitra (modificó)
041 00 - CODIGO DE IDIOMA [R]
Código de idioma para texto/pista de sonido o título separado [R] Español
100 1# - ASIENTO PRINCIPAL--NOMBRE PERSONAL [NR]
Nombre personal [NR] Ruíz Bonilla, Guillermo
ID Autoridad 67772
245 13 - MENCION DE TITULO [NR]
Título [NR] La gran historia del fútbol profesional Colombiano
Parte restante del título [NR] 60 años de logros, hazañas y grandes hombres
Mención de responsabilidad, etc. [NR] Guillermo Bonilla Ruíz, Giampaolo de Martiis Hoyos ; prólogo de Ramón Jesurún Franco
260 ## - PUBLICACION, DISTRIBUCION, ETC. (PIE DE IMPRENTA) [R]
Lugar de publicación, distribución, etc. [R] Bogotá (Colombia)
Nombre del editor, distribuidor, etc. [R] Dayscript
Fecha de publicación, distribución, etc. [R] 2008
300 ## - DESCRIPCION FISICA [R]
Extensión [R] 394 páginas
Otros detalles físicos [NR] ilustraciones, fotografías
500 ## - NOTA GENERAL [R]
Nota general [NR] [Subtítulo tomado de pasta]
650 04 - ASIENTO SECUNDARIO DE MATERIA - TERMINO TEMATICO [R]
Término temático o nombre geográfico como elemento de entrada [NR] Deportes
9 (RLIN) 388
650 04 - ASIENTO SECUNDARIO DE MATERIA - TERMINO TEMATICO [R]
Término temático o nombre geográfico como elemento de entrada [NR] Deportistas
Subdivisión geográfica [R] Colombia
Fechas del evento [NR] 1948-2008
9 (RLIN) 7493
650 04 - ASIENTO SECUNDARIO DE MATERIA - TERMINO TEMATICO [R]
Término temático o nombre geográfico como elemento de entrada [NR] Fútbol
Subdivisión general [R] Historia
Subdivisión geográfica [R] Colombia
Fechas del evento [NR] 1948-2008
9 (RLIN) 7649
650 04 - ASIENTO SECUNDARIO DE MATERIA - TERMINO TEMATICO [R]
Término temático o nombre geográfico como elemento de entrada [NR] Futbolistas
Subdivisión general [R] Historia
Subdivisión geográfica [R] Colombia
Fechas del evento [NR] 1948-2008
9 (RLIN) 16228
700 1# - ASIENTO SECUNDARIO - NOMBRE PERSONAL [R]
Nombre personal [NR] Jesurún Franco, Ramón
9 (RLIN) 75211
700 1# - ASIENTO SECUNDARIO - NOMBRE PERSONAL [R]
Nombre personal [NR] Martiis Hoyos, Giampaolo De.
9 (RLIN) 75212
700 1# - ASIENTO SECUNDARIO - NOMBRE PERSONAL [R]
Nombre personal [NR] Ruiz Bonilla, Guillermo
9 (RLIN) 67772
942 ## - ELEMENTOS DE ENTRADA AGREGADOS (KOHA)
Tipo de ítem principal el descrito en 300a Libro
Sistema de clasificación DEWEY
Tema principal Entretenimiento
Edición 1
Clasificación 796.334
Parte restante de la signatura top. R934g
Título oculto en OPAC No
Existencias
Fecha de último préstamo Total préstamos Signatura topográfica Código de barras Última vez visto Ejemplar Costo de reposición Price effective from Tipo de ítem Perdido Sistema de clasificación Dañado No prestable Tipo de ítem específico Suprimido Ubicación habitual Ubicación actual Localización Fecha de creación Forma de adquisición Costo Proveedor
24/02/2020 1 796.334 R934g 100157598 06/12/2025 Ej.1 26000.00 31/07/2018 Libro   DEWEY     Libro   Claustro Claustro 2do piso 31/07/2018 Donación 0.00 12
01/08/2024 3 796.334 R934g 200021382 11/12/2025 Ej.2 80000.00 03/02/2013 Libro   DEWEY     Libro   Quinta de Mutis Quinta de Mutis Mezanecs 28/02/2011 Compra 80000.00